000
00304nam a22001337a 4500
003
SGT
082
_a
615
_b
SIN
100
_a
SINGH, DR. RAMNDEEP
245
_a
PRINCIPLES OF PHARMACY PRACTICE
260
_a
INDIA
_b
PEE VEE PUB.
_c
2018
300
_a
204
650
_a
PHARMACY PRACTICE
942
_2
ddc
_c
BK
999
_c
32463
_d
32463